[Event "Pan American-ch School U13 Girls 12th"]
[Site "Callao"]
[Date "2023.10.20"]
[Round "8"]
[White "Heise Hidalgo, Claudia Sofia"]
[Black "Zubieta Echalar, Rafaella"]
[Result "0-1"]
[WhiteElo "1211"]
[BlackElo "1386"]
[PlyCount "100"]
[EventDate "2023.10.16"]
[EventType "swiss"]
[EventRounds "9"]
[EventCountry "PER"]
[SourceTitle "Mega2024 Update 01"]
[Source "Chessbase"]
[SourceDate "2023.11.12"]
[SourceVersion "1"]
[SourceVersionDate "2023.11.12"]
[SourceQuality "1"]

1. e4 e5 2. Nf3 Nc6 3. Bc4 Bc5 4. c3 Nf6 5. d3 a6 6. 0-0 d6 7. Re1 0-0 8. Nbd2 h6 9. Nf1 Re8 10. b4 Ba7 11. Qb3 Be6 12. Bxe6 Rxe6 13. Be3 Bxe3 14. Nxe3 Ne7 15. Rac1 Ng6 16. g3 Nh7 17. Nd2 Qd7 18. Nd5 Ne7 19. Rf1 Nxd5 20. exd5 Rf6 21. Ne4 Rf3 22. c4 Nf6 23. Nxf6+ Rxf6 24. Rce1 Rf3 25. Qd1 Rf5 26. Re3 Rd8 27. Qg4 Rxf2 28. Qxd7 Rxf1+ 29. Kxf1 Rxd7 30. Ke2 f5 31. c5 Kf7 32. c6 bxc6 33. dxc6 Rd8 34. Rf3 Ke6 35. Rf1 Rb8 36. a3 Rb6 37. Rc1 Kd5 38. Rf1 g6 39. g4 fxg4 40. Rf6 Rxc6 41. Kd2 Kd4 42. Rxg6 h5 43. Rg5 Rc3 44. Rxh5 Rxd3+ 45. Kc2 Rh3 46. Rxh3 gxh3 47. Kd2 Kc4 48. Ke3 Kb3 49. Kf3 Kxa3 50. Kg3 Kxb4 0-1

[Event "Pan American-ch School U13 Girls 12th"]
[Site "Callao"]
[Date "2023.10.16"]
[Round "1"]
[White "Condori Quispe, Leysi Azucena"]
[Black "Zubieta Echalar, Rafaella"]
[Result "1/2-1/2"]
[WhiteElo "1038"]
[BlackElo "1386"]
[PlyCount "67"]
[EventDate "2023.10.16"]
[EventType "swiss"]
[EventRounds "9"]
[EventCountry "PER"]
[SourceTitle "Mega2024 Update 01"]
[Source "Chessbase"]
[SourceDate "2023.11.12"]
[SourceVersion "1"]
[SourceVersionDate "2023.11.12"]
[SourceQuality "1"]

1. e4 e5 2. Nf3 Nc6 3. Bc4 Bc5 4. c3 Nf6 5. d4 exd4 6. cxd4 Bb4+ 7. Bd2 Nxe4 8. Bxb4 Nxb4 9. Qb3 d5 10. Qxb4 dxc4 11. Qxc4 0-0 12. 0-0 Be6 13. Qd3 Qd5 14. Nc3 Nxc3 15. bxc3 Bf5 16. Qd2 Be4 17. Nh4 Rad8 18. Rfd1 Rfe8 19. f3 Bg6 20. Nxg6 hxg6 21. Re1 c5 22. Rxe8+ Rxe8 23. Kf2 Rd8 24. Rd1 Qd6 25. g3 Qd5 26. Ke2 Qc4+ 27. Kf2 Qd5 28. Ke3 Re8+ 29. Kf2 Rd8 30. Qc2 Qc6 31. Qd3 Qa4 32. Qd2 Qc4 33. Qb2 b6 34. Qb3 1/2-1/2

[Event "Cochabamba op 6th"]
[Site "Cochabamba"]
[Date "2023.03.04"]
[Round "6"]
[White "Zubieta Echalar, Rafaella"]
[Black "Lilienfeld Quevedo, Daniel"]
[Result "0-1"]
[WhiteElo "1363"]
[BlackElo "1498"]
[PlyCount "66"]
[EventDate "2023.03.02"]
[EventType "swiss"]
[EventRounds "7"]
[EventCountry "BOL"]
[SourceTitle "CBM 213 Extra"]
[Source "ChessBase"]
[SourceDate "2023.05.31"]
[SourceVersion "1"]
[SourceVersionDate "2023.05.31"]
[SourceQuality "1"]

1. e4 c5 2. Nf3 Nc6 3. g3 e6 4. Nc3 d5 5. exd5 exd5 6. d4 Bg4 7. dxc5 Qe7+ 8. Be3 d4 9. Nd5 Qd7 10. Be2 Qxd5 11. Bd2 Ne5 12. 0-0 Bxf3 13. Re1 0-0-0 14. Bf4 Bxe2 15. Rxe2 Nf3+ 16. Kf1 Nxh2+ 17. Kg1 Nf3+ 18. Kf1 Nf6 19. c4 dxc3 20. Qxd5 Rxd5 21. bxc3 Bxc5 22. c4 Rd3 23. Rc1 g5 24. Be3 Bxe3 25. fxe3 Ne4 26. Kg2 g4 27. c5 Rhd8 28. c6 b6 29. c7 R8d7 30. a4 Rd1 31. Rec2 R7d2+ 32. Rxd2 Rxd2+ 33. Kf1 Nxg3# 0-1

[Event "La Paz op"]
[Site "La Paz"]
[Date "2022.09.17"]
[Round "6"]
[White "El Hage Serrano, Caely Dilsa"]
[Black "Zubieta Echalar, Rafaella"]
[Result "0-1"]
[WhiteElo "1552"]
[BlackElo "1253"]
[PlyCount "172"]
[EventDate "2022.09.15"]
[EventType "swiss"]
[EventRounds "7"]
[EventCountry "BOL"]
[SourceTitle "EXT 2023"]
[Source "ChessBase"]
[SourceDate "2022.10.05"]
[SourceVersion "1"]
[SourceVersionDate "2022.10.05"]
[SourceQuality "1"]

1. e4 e5 2. Nf3 Nc6 3. Bc4 Bc5 4. c3 Nf6 5. d3 d6 6. h3 a6 7. b4 Ba7 8. Qb3 0-0 9. a4 h6 10. Nbd2 Ne7 11. 0-0 Ng6 12. d4 Qe7 13. Re1 Bd7 14. Nf1 Rae8 15. Ng3 Qd8 16. Bb2 Nh7 17. b5 a5 18. Rad1 Ng5 19. Nxg5 Qxg5 20. Bc1 Qd8 21. Nf5 Nh4 22. Nxh4 Qxh4 23. Qc2 Be6 24. d5 Bd7 25. Be3 Bxe3 26. Rxe3 f5 27. exf5 Qxc4 28. Rd4 Bxf5 29. Rxc4 Bxc2 30. Re2 Bb3 31. Rxc7 Bxa4 32. Rxb7 Rb8 33. Ra7 Rxb5 34. c4 Rc5 35. Rb2 Be8 36. Rb6 Rxc4 37. Rxd6 Rc5 38. Re7 a4 39. Rxe5 Ra5 40. Ree6 Bf7 41. Re7 Rxd5 42. Ra6 Rd1+ 43. Kh2 Rd2 44. Rxa4 Rxf2 45. Raa7 Re8 46. Rxe8+ Bxe8 47. Kg3 Rf6 48. Ra8 Kf7 49. Ra7+ Kg6 50. h4 Kh7 51. Re7 Bc6 52. Kh3 Rg6 53. g3 h5 54. Rc7 Bf3 55. Rc5 Kh6 56. Rc7 Re6 57. Rc3 Bg4+ 58. Kg2 Re2+ 59. Kf1 Rd2 60. Rc6+ g6 61. Rc3 Bh3+ 62. Kg1 Bf5 63. Rc4 Kg7 64. Rc7+ Kf6 65. Rb7 Ke5 66. Re7+ Kd4 67. Ra7 Ke3 68. Ra3+ Rd3 69. Ra2 Kf3 70. Kh2 Re3 71. Rd2 Re2+ 72. Rxe2 Kxe2 73. Kg2 Bg4 74. Kg1 Kf3 75. Kh2 Bf5 76. Kh1 Kxg3 77. Kg1 Be4 78. Kf1 Kxh4 79. Kf2 Kg5 80. Kf1 Kg4 81. Kg1 h4 82. Kf1 h3 83. Kg1 h2+ 84. Kf1 Kf3 85. Ke1 Ke3 86. Kd1 h1Q# 0-1

[Event "Pan American-ch Hybrid U12 Girls 31st"]
[Site "Tornelo INT"]
[Date "2021.09.04"]
[Round "8"]
[White "Reifer Belle, Chanon"]
[Black "Zubieta Echalar, Rafaella"]
[Result "0-1"]
[WhiteElo "1073"]
[BlackElo "1081"]
[PlyCount "162"]
[EventDate "2021.09.04"]
[EventType "swiss"]
[EventRounds "9"]
[EventCountry "NET"]
[SourceTitle "EXT 2023"]
[Source "ChessBase"]
[SourceDate "2022.10.05"]
[SourceVersion "1"]
[SourceVersionDate "2022.10.05"]
[SourceQuality "1"]

1. e4 e5 2. Nf3 Nc6 3. Bc4 Bc5 4. d3 d6 5. c3 Bb6 6. b4 Nf6 7. a4 a6 8. a5 Ba7 9. 0-0 0-0 10. Bg5 Bg4 11. Nbd2 h6 12. Bh4 Qe7 13. Qc2 Be6 14. Rac1 Rac8 15. Rfe1 Rfd8 16. Bb3 Bxb3 17. Nxb3 Nb8 18. d4 Nbd7 19. d5 Nf8 20. c4 Ng6 21. Bxf6 Qxf6 22. c5 Nf4 23. Kf1 Qg6 24. g3 Nh5 25. Nh4 Qf6 26. Nf5 Kh7 27. Qd2 Re8 28. Qd3 g6 29. Ne3 Ng7 30. b5 axb5 31. Qxb5 h5 32. Qxb7 Bxc5 33. Nxc5 dxc5 34. Rxc5 Qf3 35. Ng2 Rb8 36. Qxc7 Rec8 37. Qxc8 Rxc8 38. Rxc8 Qf6 39. Ra8 Qe7 40. Rb1 Qa3 41. Rd1 Qa4 42. Re1 Qc4+ 43. Kg1 Qb4 44. Re2 Qb7 45. Rd8 Qc7 46. Ra8 Qb7 47. Rf8 Qe7 48. Rb8 Qa7 49. Rb5 Qd4 50. Rbb2 Ne8 51. Ra2 Nd6 52. a6 Nb5 53. Rad2 Qa4 54. d6 Nd4 55. Re1 Nf3+ 56. Kf1 Nxd2+ 57. Ke2 Qxa6+ 58. Kxd2 Qxd6+ 59. Ke2 Qd4 60. Kf1 Qc4+ 61. Re2 f5 62. f3 fxe4 63. fxe4 Qf7+ 64. Rf2 Qc4+ 65. Re2 Kh6 66. h4 g5 67. Kf2 Qf7+ 68. Ke3 Qb3+ 69. Kf2 g4 70. Re3 Qf7+ 71. Ke2 Qa2+ 72. Kf1 Qd2 73. Re2 Qd3 74. Ke1 Qxg3+ 75. Kf1 Qd3 76. Ke1 g3 77. Re3 Qb1+ 78. Ke2 Qc2+ 79. Ke1 Qxg2 80. Re2 Qh1+ 81. Kd2 g2 0-1